000 01063cam a22002651i 4500
003 SA-RiAUC
005 20250722062958.0
008 250721s2014 su a g f000r0 ara c
040 _aSA-JeALM
_bara
_cSA-RiAUC
_erda
043 _aa-su---
050 4 _b.A47 2012
082 0 4 _a953.1
_qSA-RiAUC
090 _a953.1
_b ا ل س
100 1 _aآل سعود، سلمان بن عبد العزيز،
_cملك السعودية،
_d1354 هجري-
_eمؤلف.
245 1 2 _aالأسس التاريخية والفكرية للدولة السعودية /
_cسلمان بن عبد العزيز آل سعود.
264 1 _aالرياض :
_bدارة الملك عبد العزيز،
_c2012
300 _a146 صفحة :
_c24 سم
336 _aنص
_btxt
_2rdacontent
_3كتاب
337 _aبدون وسيط
_bn
_2rdamedia
338 _aمجلد
_bnc
_2rdacarrier
490 _aاصدارات دارة الملك عبدالعزيز
_v275
651 7 _aالسعودية
_xتاريخ
_2aucsh
942 _2ddc
_cBOOK
_n0
949 _aSA-JeALM
_d250721
_uosman123
_n1
999 _c10174
_d10174